| 000 | 00556cam a2200169 a 4500 | ||
|---|---|---|---|
| 020 | _a0821317814 | ||
| 040 | _cDLC | ||
| 082 | 0 | 0 | _a338 WOR 1991 A067 Or. |
| 245 | 0 | 0 |
_aDairy development in Sub-Saharan Africa : _ba study of issues and options / |
| 260 |
_aWashington, D.C. : _bWorld Bank, _cc1991. |
||
| 300 |
_axviii, 94 p., [3] leaves of plates : _bmaps ; _c28 cm. |
||
| 490 | 1 |
_aWorld Bank technical paper, _aAfrica Technical Department series |
|
| 650 | 0 | _aDairying | |
| 650 | 0 | _aDairy products industry | |
| 700 | 1 | _aWalshe, Michael J., | |
| 942 | _cEK | ||
| 999 |
_c14504 _d14504 |
||